00433pab a2200157 454500008004000000100002400040245006000064260000900124300001400133362000800147650003000155650001400185700002000199700002200219773003400241180718b2004 xxu||||| |||| 00| 0 eng d aFornos, Carolina A. aExplaining voter turnout in Latin America, 1980 to 2000 c2004 ap.909-40. aOct aElections - Latin America aElections aGrand, James C. aPower, Timothy J. aComparative Political Studies